| 000 | 00401pab a2200157 454500 | ||
|---|---|---|---|
| 008 | 180718b1987 xxu||||| |||| 00| 0 eng d | ||
| 100 | _aClarke, Harold D. | ||
| 245 |
_aThe politics of party popularity _bCanada 1974-1979 |
||
| 260 | _c1987 | ||
| 300 | _a299-315 | ||
| 362 | _aApr. | ||
| 650 | _aPolitical Parties - Canada | ||
| 700 | _aGary Zuk | ||
| 773 | _aComparative Politics | ||
| 909 | _a15294 | ||
| 999 |
_c15294 _d15294 |
||